|
|
|
|
| LEADER |
00000ny a22000003n 4500 |
| 005 |
20110531151334.0 |
| 008 |
030522s2002 sp 000 0 spa c |
| 017 |
|
|
|a D.L. M.4927-2002
|
| 020 |
|
|
|a 8484940284
|
| 035 |
|
|
|a 1635
|
| 040 |
|
|
|a UMA.RE
|d vLex
|
| 040 |
|
|
|a UMA.RLB
|d vLex
|
| 080 |
|
|
|a 347.726(460)
|
| 090 |
|
|
|c 393
|d 393
|
| 100 |
1 |
|
|a Pastor Sempere, Mara̕ del Carmen
|
| 245 |
1 |
4 |
|a Los recursos propios en las sociedades cooperativas
|h [Recurso electrn̤ico]
|c Mara̕ del Carmen Pastor Sempere ; prl̤ogo de Luis Fernǹdez de la Gǹdara
|
| 256 |
|
|
|a Servicio en ln̕ea
|
| 260 |
|
|
|a Madrid :
|b Dijusa,
|c D.L. 2002
|
| 300 |
|
|
|a 429 p. ;
|c 20 cm
|
| 490 |
1 |
|
|a Cuadernos mercantiles ;
|v 19
|
| 504 |
|
|
|a Bibliogr.: p. 395-429
|
| 506 |
1 |
|
|a Contenido solo disponible en los productos indicados
|d vLex Global
|d vLex Global (Academic Edition, excluding Law Schools)
|d vLex Global (U.S. Academic Edition, Law Schools)
|d vLex Global (U.S. Academic Edition, excluding Law Schools)
|d vLex Global (Academic Edition, Law Schools)
|
| 650 |
0 |
7 |
|a Cooperativas
|2 Tesauro vLex
|
| 650 |
0 |
7 |
|a Civil
|2 Tesauro vLex
|
| 650 |
0 |
7 |
|a Derecho de sociedades
|2 Tesauro vLex
|
| 650 |
0 |
7 |
|a Sociedades cooperativas
|2 Tesauro vLex
|
| 700 |
1 |
|
|a Fernǹdez de la Gǹdara, Luis,
|e pr
|
| 740 |
0 |
|
|a vLex Libros (Servicios en ln̕ea)
|
| 830 |
|
0 |
|a Cuadernos mercantiles (Editoriales de Derecho Reunidas)
|
| 856 |
4 |
0 |
|u http://vlex.com/source/1635
|z Acceso restringido
|
| 942 |
|
|
|c BOOK
|
| 999 |
0 |
|
|a Civil
|b Madrid
|